Statistics for Флаги Столиц

Click here to take the quiz!

General Stats

  • This quiz has been taken 228 times
  • The average score is 8 of 16

Answer Stats

Answer% Correct
Москва
89%
Лондон
83%
Киев
74%
Астана
68%
Берлин
60%
Париж
59%
Рим
48%
Токио
48%
Варшава
46%
Вашингтон
43%
Куала-Лумпур
38%
Оттава
27%
Сеул
27%
Хельсинки
24%
Каир
23%
Амстердам
21%

Score Distribution

Percentile by Number Answered

Percent of People with Each Score

Your Score History

You have not taken this quiz